| 000 | 01117nam a22003017a 4500 | ||
|---|---|---|---|
| 001 | 328 | ||
| 003 | FISKH | ||
| 005 | 20231211143227.0 | ||
| 008 | 230322b cb ||||| |||| 00| 0 eng d | ||
| 020 | _a9780545109987 | ||
| 040 |
_aDLC _cDLC _dDLC _dFISKH _beng |
||
| 042 | _alcac | ||
| 050 | 0 | 0 |
_aPZ7.L58474 _bLi 1983 |
| 082 | 0 | 0 |
_a813 _219 |
| 100 | 1 |
_aLewis, C. S. _q(Clive Staples) _d1898-1963. _eauthor. |
|
| 245 | 1 | 4 |
_aThe Chronicles of Narnia : The lion, the witch, and the wardrobe / _cThe original novel by C.S. Lewis |
| 260 |
_aNew York : _bScholastic. _c2006. |
||
| 300 |
_aviii, 183 pages : _billustrations ; _c20 cm |
||
| 490 |
_aThe chronicles of narnia _vv. 2 |
||
| 505 | _aS | ||
| 520 | _aFour English school children find their way through the back of a wardrobe into the magic land of Narnia and assist Aslan, the golden lion, to triumph over the White Witch, who has cursed the land with eternal winter. | ||
| 521 | 8 |
_a940
_bLexile |
|
| 521 | 8 |
_aS
_bRaz-Plus |
|
| 650 | 1 | _aFantasy. | |
| 700 | 1 |
_aHague, Michael, _eill. |
|
| 906 |
_a7 _bcbc _corignew _d1 _eopcn _f19 _gy-gencatlg |
||
| 942 |
_2ddc _cBK _n0 |
||
| 999 |
_c328 _d328 |
||